[Event "LEM Sachsen-Anhalt"]
[Site "Löberitz"]
[Date "2006.06.18"]
[Round "5"]
[White "Degtiarev, Evgeny"]
[Black "Engelmann, Jakob"]
[Result "1-0"]
[WhiteElo "2380"]
[BlackElo "2100"]
[PlyCount "69"]
[EventDate "2006.??.??"]

1. d4 Nf6 2. c4 e6 3. Nc3 Bb4 4. e3 c5 5. Nge2 cxd4 6. exd4 d5 7. a3 Be7 8. Nf4
dxc4 9. Bxc4 O-O 10. O-O Nbd7 11. Re1 Nb6 12. Bb3 Bd7 13. Nd3 Bc6 14. Ne5 Bd5
15. Nxd5 Nfxd5 16. Qd3 Bg5 17. Be3 Nxe3 18. fxe3 Nd7 19. Nf3 Nc5 20. Qc2 Nxb3
21. Qxb3 b6 {(=)} 22. Rac1 Bf6 23. Qa4 a6 24. Qc6 Ra7 25. Rc2 g6 26. Nd2 Rd7
27. Nf3 Re8 28. Qa4 a5 29. Rec1 Qe7 30. Rc6 Rb8 31. Qb5 Rd5 32. Qa6 Rd6 33. Rc7
Rd7 34. Qa7 Rb7 35. Qxb7 1-0

[Event "LEM Sachsen-Anhalt"]
[Site "Löberitz"]
[Date "2006.06.18"]
[Round "5"]
[White "König, Dr. Marco"]
[Black "Schuster, Martin"]
[Result "0-1"]
[WhiteElo "2049"]
[BlackElo "2229"]
[PlyCount "80"]
[EventDate "2006.??.??"]

1. e4 c6 2. d4 d5 3. exd5 cxd5 4. c4 Nf6 5. Nc3 e6 6. Nf3 Bb4 7. cxd5 Nxd5 8.
Bd2 Nc6 9. Bd3 Be7 10. a3 O-O 11. O-O Bf6 12. Qc2 g6 13. Bh6 Re8 14. Rad1 Nxc3
15. bxc3 Bd7 16. Rfe1 Rc8 17. Qd2 Ne7 18. Ne5 Bc6 19. Ng4 Nf5 20. Nxf6+ Qxf6
21. Bf4 Qg7 22. Be4 Bxe4 23. Rxe4 Qf8 24. g4 Nd6 25. Re2 Nc4 26. Qa2 Qxa3 27.
Qxa3 Nxa3 28. Rc1 Nb5 29. Rb2 a6 30. Kf1 Rc4 31. Bd2 e5 32. dxe5 Rxe5 33. h3 f6
34. Rb4 Rec5 35. Rxc4 Rxc4 36. Ke2 Kf7 37. Kd3 Rc7 38. Rd1 Na3 39. Be3 Nc4 40.
Bd4 Nb2+ 0-1

[Event "LEM Sachsen-Anhalt"]
[Site "Löberitz"]
[Date "2006.06.18"]
[Round "5"]
[White "Matthey, Harald"]
[Black "Pichler, Dr. Manfred"]
[Result "1/2-1/2"]
[WhiteElo "2225"]
[BlackElo "2106"]
[PlyCount "129"]
[EventDate "2006.??.??"]

1. e4 d5 2. exd5 Nf6 3. d4 Nxd5 4. Nf3 Bg4 5. h3 Bh5 6. c4 Nb6 7. Be3 Nc6 8.
Be2 e6 9. Nc3 Be7 10. b3 Bf6 11. Ne4 Be7 12. O-O O-O 13. Nc5 Rb8 14. g4 Bg6 15.
Nd3 Bf6 16. Nf4 e5 17. Nxg6 hxg6 18. dxe5 Nxe5 19. Qxd8 Rbxd8 20. Rad1 Nbd7 21.
Nd4 a6 22. f4 c5 23. Nc2 Nc6 24. Bf3 Rfe8 25. Bf2 g5 26. fxg5 Bxg5 27. h4 Bf6
28. g5 Bb2 29. Bd5 Re2 30. g6 Rxc2 31. Bxf7+ Kh8 32. Bxc5 Nxc5 33. Rxd8+ Nxd8
34. Rf5 Bd4+ 35. Kh1 Rc1+ 36. Kh2 Rc2+ 37. Kh3 Be3 38. Rh5+ Bh6 39. Rxc5 Rd2
40. Re5 Rd3+ 41. Kg2 Re3 42. Rd5 Nc6 43. b4 Re2+ 44. Kf1 Rd2 45. b5 axb5 46.
cxb5 Rxd5 47. Bxd5 Nb4 48. Bxb7 Nxa2 49. Bc6 Be3 50. Ke2 Bb6 51. Kd2 Ba5+ 52.
Ke3 Nc3 53. h5 Na4 54. Kd4 Kg8 55. Bd5+ Kf8 56. Bb3 Bb6+ 57. Kd5 Nc5 58. Bc2
Ba7 59. Kc6 Ne6 60. Kb7 Be3 61. Bd1 Ke7 62. b6 Kd6 63. Bb3 Nc5+ 64. Kc8 Ke7 65.
Bd5 1/2-1/2